000 01203cam a2200361 i 4500
001 16828936
003 OSt
005 20200125130545.0
008 110615s2011 ii b 001 0 eng d
010 _a 2011453021
020 _a9788177082524
020 _a8177082523
035 _a(OCoLC)ocn741340895
040 _aINUAS
_beng
_erda
_coclc
_dBTCTA
_dDKAGE
_dOCLCQ
_dCDX
_dOCLCO
_dDLC
042 _alccopycat
050 0 0 _aHG9163
_b.H37 2011
082 _a368.320954
_bHAR/L
100 _aHaridas, R
_91558
245 1 0 _aLife insurance in India /
_cR Haridas
264 1 _aNew Delhi :
_bNew Century Publications,
_c[2011].
300 _a 181 pages ;
_c22 cm.
336 _atext
_btxt
_2rdacontent
337 _aunmediated
_bn
_2rdamedia
338 _avolume
_bnc
_2rdacarrier
504 _aIncludes bibliographical references (pages 169-174) and index.
650 0 _aLife insurance.
650 0 _aInsurance, India.
700 1 _aHaridas, R.
906 _a7
_bcbc
_ccopycat
_d2
_encip
_f20
_gy-gencatlg
942 _2ddc
_cBK
_h368.320954
_iHAR/L
_k368.320954
_mHAR/L
999 _c11412
_d11412